<The> Impact of Governmental Institutions on Social Development

Salvato in:
Dettagli Bibliografici
Autore principale: Zágoršeková, Marta
Natura: Capitolo di libro
Lingua:inglese
Soggetti:
Tags: Aggiungi Tag
Nessun Tag, puoi essere il primo ad aggiungerne!!

MARC

LEADER 00000naa$a2200000$$$4500
001 0207165
005 20240502083518.5
041 0 |a eng 
044 |a HU 
245 1 0 |a <The> Impact of Governmental Institutions on Social Development  |c Marta Zágoršeková 
500 |a Abstrakt 
610 2 0 |a Vyšehradská štvorka 
610 2 0 |a rozvoj sociálny 
610 2 0 |a rozvoj sociálno-ekonomický 
610 2 0 |a kapitál sociálny 
610 2 0 |a vláda 
100 1 |a Zágoršeková, Marta